| 000 | 00438nam a22001697a 4500 | ||
|---|---|---|---|
| 003 | NUST - PNEC | ||
| 005 | 20170116180857.0 | ||
| 008 | 150831b xxu||||| |||| 00| 0 eng d | ||
| 020 | _a0824783603 | ||
| 040 | _cLIBRARY | ||
| 082 | _a620 SID | ||
| 100 |
_96083 _aSiddall, James N. |
||
| 245 |
_aExpert systems for engineers _cJames N. Siddall |
||
| 260 | _cc1990. | ||
| 650 |
_96084 _aComputer-aided engineering _xME |
||
| 942 |
_2ddc _cBK |
||
| 999 |
_c64846 _d64846 |
||